Budovanie vyšších územných celkov

Podrobná bibliografia
Hlavný autor: Gašpar, Michal, 1927-2012 (Autor)
Médium: Článok
Jazyk:slovenčina
Predmet:

MARC

LEADER 00000nab a2200000 a 4500
001 vtls000793983
003 SK-MaSNL
005 20260302154615.0
008 180205c2002 xo 0 slo
015 |a SNBRB2002/05-15876 
035 |a CLN000145638 
040 |a SNKBUCL  |b slo  |c SNKBUCL  |e AACR2 
041 0 |a slo 
044 |a xo  |c SK 
080 |a 353.9(437.6)  |2 UDC-MRF-SK2 
100 1 |a Gašpar, Michal,  |d 1927-2012  |4 aut  |9 110959 
245 1 0 |a Budovanie vyšších územných celkov  |c Michal Gašpar 
650 0 7 |a celky územné vyššie  |z Slovensko  |2 snkbucl  |9 847336 
655 7 |a články z novín a časopisov  |2 snkbucl  |9 267496 
773 0 |t Obecné noviny  |g Roč. 12, č. 20 (2002), s. 12 
850 |a Slovenská národná knižnica v Martine 
852 |a SNK  |b KIS3GCP 
958 |a RBX 
999 |c 1368968  |d 1370898